000 01287nam a22003617a 4500
001 83
003 FISKH
005 20230222091548.0
008 230222b cb ||||| |||| 00| 0 eng d
010 _a 84072877
020 _a0307020231
020 _a0307602842 (lib. bdg.)
040 _aDLC
_cDLC
_dDLC
042 _alcac
050 0 0 _aPZ7.A5185
_bCo 1985
082 0 0 _a724.6
_219
100 1 _aAnastasio, Dina.
245 1 0 _aCount all the way to Sesame Street /
_cby Dina Anastasio ; illustrated by Richard Brown ; featuring Jim Henson's Sesame Street Muppets.
260 _aRacine, Wis. :
_bWestern Pub. Co. :
_a[New York] :
_bChildren's Television Workshop,
_c1985.
300 _a[24] p. :
_bcol. ill. ;
_c21 cm.
490 0 _aA Little golden book
500 _a"A Sesame Street/Golden Press book."
500 _a"Inspired by Sesame Street presents--Follow that bird!"
520 _aWhile searching for Big Bird, the Count introduces the numbers from one to twelve.
521 8 _a500
_bLexile
521 8 _aH
_bRaz-Plus
650 1 _aCounting.
650 1 _aPuppets
_xFiction.
700 1 _aBrown, Richard E.
_q(Richard Eric),
_d1946,
_eill.
730 0 _aFollow that bird! (Motion picture)
906 _a7
_bcbc
_corignew
_d3
_eopcn
_f19
_gy-gencatlg
942 _2ddc
_cBK
_n0
999 _c83
_d83